LEADER 01002nam a2200253 i 4500 001 991000738909707536 008 050110s2001 enka b 001 0 eng d 020 $a0521558743 035 $ab13265519-39ule_inst 040 $aDip.to Studi Giuridici$bita 082 0 $a515.352 100 1 $aMedio, Alfredo$077815 245 10$aNonlinear dynamics :$ba primer /$cAlfredo Medio, Marji Lines 260 $aCambridge ;$aNew York :$bCambridge University Press,$c2001 300 $axiii, 300 p. :$bill. ;$c26 cm 504 $aInclude riferimenti bibliografici (p. 287-293) e indice 650 4$aSistemi dinamici differenziali 700 1 $aLines, Marji$eauthor$4http://id.loc.gov/vocabulary/relators/aut$0118964 907 $a.b13265519$b21-09-06$c10-01-05 912 $a991000738909707536 945 $aLE027 515.35 MED01.01$g1$lle027$o-$pE43.10$q-$rl$s- $t0$u0$v0$w0$x0$y.i1398147x$z10-01-05 996 $aNonlinear dynamics$937892 997 $aUNISALENTO 998 $ale027$b10-01-05$cm$da $e-$feng$genk$h0$i0